Statistieken voor Welke landen/gebieden zijn lid van de voetbalbond AFC?

Klik hier om de quiz te nemen!

Algemene statistieken

  • Deze quiz is 19 keer genomen
  • De gemiddelde score is 29 van 46

Antwoordstatistieken

Antwoord% Correct
China
88%
India
88%
Zuid-Korea
88%
Irak
81%
Mongolië
81%
Pakistan
81%
Qatar
81%
Vietnam
81%
Indonesië
75%
Iran
75%
Japan
75%
Noord-Korea
75%
Taiwan
75%
Afghanistan
69%
Bahrein
69%
Bhutan
69%
Kirgizië
69%
Laos
69%
Libanon
69%
Saoedi-Arabië
69%
Thailand
69%
Verenigde Arabische Emiraten
69%
Bangladesh
63%
Brunei
63%
Cambodja
63%
Filipijnen
63%
Jemen
63%
Jordanië
63%
Maleisië
63%
Myanmar
63%
Nepal
63%
Oman
63%
Singapore
63%
Syrië
63%
Turkmenistan
63%
Koeweit
56%
Tadzjikistan
56%
Australië
50%
Oezbekistan
50%
Sri Lanka
50%
Maldiven
44%
Oost-Timor
44%
Hongkong
38%
Macau
25%
Guam
13%
Palestine
13%

Scoreverdeling

Percentiel versus Aantal Correcte Antwoorden

Procent van Mensen met Elke Score

Uw Scoregeschiedenis

U heeft deze quiz nog niet genomen